Les forces éternelles et autres essais / (Record no. 59229)
[ view plain ]
| 000 -LEADER | |
|---|---|
| campo de control de longitud fija | 00650nam a2200193 i 4500 |
| 001 - NÚMERO DE CONTROL | |
| campo de control | 59229 |
| 003 - IDENTIFICADOR DE NÚMERO DE CONTROL | |
| campo de control | ES-MaACL |
| 005 - FECHA Y HORA DE LA ÚLTIMA TRANSACCIÓN | |
| campo de control | 20251014063123.0 |
| 007 - CAMPO FIJO DE DESCRIPCIÓN FÍSICA--INFORMACIÓN GENERAL | |
| campo de control de longitud fija | t| |
| 008 - DATOS DE LONGITUD FIJA--INFORMACIÓN GENERAL | |
| campo de control de longitud fija | 031028s1912 fr ||||1| fre d |
| 100 1# - ENTRADA PRINCIPAL--NOMBRE DE PERSONA | |
| Nombre de persona | Emerson, Ralph Waldo, |
| Fechas asociadas al nombre | 1803-1882 |
| 9 (RLIN) | 47147 |
| 245 14 - MENCIÓN DEL TÍTULO | |
| Título | Les forces éternelles et autres essais / |
| Mención de responsabilidad, etc. | Ralph Waldo Emerson ; traduit de l'anglais par K. Johnston ; avec une préface de Bliss Perry. |
| 260 ## - PUBLICACIÓN, DISTRIBUCIÓN, ETC. | |
| Lugar de publicación, distribución, etc. | Paris : |
| Nombre del editor, distribuidor, etc. | Mercure de France, |
| Fecha de publicación, distribución, etc. | 1912 ( |
| Fabricante | E. Arrault) |
| 300 ## - DESCRIPCIÓN FÍSICA | |
| Extensión | 241 p. ; |
| Dimensiones | 19 cm. |
| 700 1# - ENTRADA AGREGADA--NOMBRE PERSONAL | |
| Nombre de persona | Johnston, K. |
| 9 (RLIN) | 66776 |
| 700 1# - ENTRADA AGREGADA--NOMBRE PERSONAL | |
| Nombre de persona | Perry, Bliss. |
| 9 (RLIN) | 91386 |
| 852 ## - LOCALIZACIÓN | |
| Ubicación | ES-MaACL |
| Número de control de estantería | F-10050 |
| Estatus retirado | Estado de pérdida | Estado de daño | No para préstamo | Biblioteca de origen | Biblioteca actual | Ubicación en estantería | Fecha de adquisición | Fuente de adquisición | Total de préstamos | Signatura topográfica completa | Código de barras | Visto por última vez | Precio de reemplazo | Tipo de ítem Koha |
|---|---|---|---|---|---|---|---|---|---|---|---|---|---|---|
| Biblioteca del Ateneo de Madrid | Biblioteca del Ateneo de Madrid | Sala Pecera Planta 2 | 17/01/2008 | F-10050 | 1062130 | 23/02/2023 | 23/02/2023 | Libro impreso |
